من فيض الرحمن في تربية الإنسان / (رقم التسجيلة. 5566)
[ عرض عادي ]
| 000 -LEADER | |
|---|---|
| fixed length control field | 00668nam a22001937a 4500 |
| 005 - DATE AND TIME OF LATEST TRANSACTION | |
| control field | 20251108164156.0 |
| 008 - FIXED-LENGTH DATA ELEMENTS--GENERAL INFORMATION | |
| fixed length control field | 250721s1981 xx 000 0 ara d |
| 082 14 - DEWEY DECIMAL CLASSIFICATION NUMBER | |
| Classification number | 219/محم |
| 100 1# - MAIN ENTRY--PERSONAL NAME | |
| Personal name | الشعراوي، محمد متولي |
| 245 10 - TITLE STATEMENT | |
| Title | من فيض الرحمن في تربية الإنسان / |
| 250 ## - EDITION STATEMENT | |
| Edition statement | ط3. |
| 264 1# - PRODUCTION, PUBLICATION, DISTRIBUTION, MANUFACTURE, AND COPYRIGHT NOTICE | |
| Place of production, publication, distribution, manufacture | القاهرة : |
| Name of producer, publisher, distributor, manufacturer | روز اليوسف، |
| Date of production, publication, distribution, manufacture, or copyright notice | 1981. |
| 300 ## - PHYSICAL DESCRIPTION | |
| Extent | ج |
| 490 0# - SERIES STATEMENT | |
| Series statement | الكتاب الذهبي . الأعمال الكامله للإمام الشيخ محمد متولي الشعراوي |
| 650 17 - SUBJECT ADDED ENTRY--TOPICAL TERM | |
| Topical term or geographic name as entry element | السيرة النبوية |
| 700 1# - ADDED ENTRY--PERSONAL NAME | |
| Personal name | عامر، منير |
| Relator term | اعداد |
| 942 ## - ADDED ENTRY ELEMENTS (KOHA) | |
| Source of classification or shelving scheme | Dewey Decimal Classification |
| Koha item type | كتب |
| حالة السحب | حالة الفقدان | مصدر التصنيف | حالة التلف | غير قابل للإعارة | المكتبة الرئيسية | المكتبة الحالية | موقع الرف | تاريخ التزويد | الرقم المتسلسل | Total Checkouts | رقم الإستدعاء | تاريخ آخر ظهور | تاريخ الفاتورة | نوع المادة (كوها) | الباركود |
|---|---|---|---|---|---|---|---|---|---|---|---|---|---|---|---|
| Dewey Decimal Classification | Unchecked | مكتبة حمزة العامة | مكتبة حمزة العامة | الإعارة | 06/07/2004 | 2945 | 219/محم | 28/07/2025 | 06/07/2004 | كتب | |||||
| Dewey Decimal Classification | مكتبة حمزة العامة | مكتبة حمزة العامة | الإعارة | 11/06/2015 | [2947]. | 219/محم | 28/07/2025 | 11/06/2015 | كتب | PLD00330603 | |||||
| Dewey Decimal Classification | مكتبة حمزة العامة | مكتبة حمزة العامة | الإعارة | 30/01/2016 | (2946.) | 219/محم | 28/07/2025 | 30/01/2016 | كتب | PLD00370434 |